[Event "Nuremberg-ch op 05th"]
[Site "Nuremberg"]
[Date "2005.05.07"]
[Round "3"]
[White "Kinsky, Josef"]
[Black "Dreiseitel, Werner"]
[Result "1/2-1/2"]
[WhiteElo "1300"]
[BlackElo "1277"]
[PlyCount "115"]
[EventDate "2005.05.06"]
[EventType "swiss"]
[EventRounds "5"]
[EventCountry "GER"]
[SourceTitle "EXT 2007"]
[Source "ChessBase"]
[SourceDate "2006.11.23"]
[SourceVersion "1"]
[SourceVersionDate "2006.11.23"]
[SourceQuality "1"]

1. d4 d5 2. c4 c6 3. cxd5 cxd5 4. Nc3 e6 5. Nf3 Nf6 6. Bg5 Be7 7. Qc2 a6 8. e3 b5 9. Bd3 Nbd7 10. 0-0-0 h6 11. Bxf6 Nxf6 12. Ne5 Bb7 13. Kb1 b4 14. Na4 Rc8 15. Nc5 Bxc5 16. dxc5 0-0 17. f4 Nd7 18. Rhf1 Nxc5 19. g4 Nxd3 20. Qxd3 Bc6 21. Qxa6 Qe8 22. Rc1 Bb5 23. Qxc8 Qxc8 24. Rxc8 Rxc8 25. Rc1 Rxc1+ 26. Kxc1 Kf8 27. Kd2 f6 28. Ng6+ Kf7 29. f5 exf5 30. gxf5 Bd7 31. Nf4 Bxf5 32. Nxd5 b3 33. a4 Be4 34. Nb6 Ke7 35. a5 Kd8 36. Kc3 Bc2 37. a6 Kc7 38. Nd5+ Kb8 39. Nb4 Ka7 40. Nxc2 bxc2 41. Kxc2 Kxa6 42. Kd3 Kb5 43. Kd4 Kb4 44. Kd5 Kb3 45. Ke6 Kxb2 46. Kf7 Kc3 47. Kxg7 Kd3 48. Kxf6 Kxe3 49. h4 Kf4 50. h5 Ke4 51. Kg6 Ke5 52. Kxh6 Kf6 53. Kh7 Kf7 54. h6 Kf8 55. Kg6 Kg8 56. Kg5 Kh7 57. Kh5 Kh8 58. Kg6 1/2-1/2

[Event "Nuremberg-ch op 05th"]
[Site "Nuremberg"]
[Date "2005.05.07"]
[Round "2"]
[White "Wollenweber, Frank"]
[Black "Kinsky, Josef"]
[Result "1-0"]
[WhiteElo "1704"]
[BlackElo "1300"]
[PlyCount "97"]
[EventDate "2005.05.06"]
[EventType "swiss"]
[EventRounds "5"]
[EventCountry "GER"]
[SourceTitle "EXT 2007"]
[Source "ChessBase"]
[SourceDate "2006.11.23"]
[SourceVersion "1"]
[SourceVersionDate "2006.11.23"]
[SourceQuality "1"]

1. f4 d5 2. Nf3 c5 3. g3 Nc6 4. Bg2 Bg4 5. 0-0 e6 6. d3 Nf6 7. e3 Qb6 8. h3 Bxf3 9. Bxf3 h5 10. Kg2 0-0-0 11. Qe2 Bd6 12. e4 Nd4 13. Qf2 Nxf3 14. Qxf3 dxe4 15. dxe4 e5 16. f5 c4 17. b3 Bc5 18. a4 Bd4 19. c3 cxb3 20. cxd4 Qxd4 21. Qc3+ Qxc3 22. Nxc3 b2 23. Bxb2 Rd2+ 24. Rf2 Rxf2+ 25. Kxf2 Rd8 26. Ke3 Rd4 27. Rd1 Rb4 28. Ba1 Rb3 29. Rd3 Kb8 30. Nb5 Rxd3+ 31. Kxd3 Nd7 32. a5 Nc5+ 33. Ke3 f6 34. Nd6 Nb3 35. Bc3 a6 36. Ne8 Ka7 37. Nxg7 b6 38. axb6+ Kxb6 39. Nxh5 a5 40. Nxf6 Nc5 41. Bxe5 a4 42. Nd5+ Kc6 43. Nb4+ Kd7 44. g4 Ke8 45. g5 a3 46. Na2 Kd7 47. g6 Ke7 48. h4 Nd7 49. Kd4 1-0